|
|
|
|
| LEADER |
00000cam a2200000 a 4500 |
| 001 |
1/114307 |
| 008 |
170608s2001####enk| ||| |||| ||eng|| |
| 020 |
|
|
|a 0754618013
|
| 040 |
|
|
|a GR-MyUa
|b gre
|c GR-MyUa
|e AACR2
|
| 041 |
0 |
|
|a eng
|
| 082 |
7 |
|
|a 338.642
|2 (23)
|
| 100 |
1 |
|
|a Κονιόρδος, Σωκράτης.
|
| 245 |
1 |
0 |
|a Towards a sociology of artisans :
|b continuities and disconticuities in comparative perspective /
|c Sokkratis M. Koniordos.
|
| 260 |
|
|
|a Aldershot :
|b Ashgate,
|c 2001.
|
| 300 |
|
|
|a 219 σ. ;
|c 21 εκ.
|
| 505 |
0 |
|
|a Defining the Artisan: Some Historical Precedents -- 2 Marxist Approaches on Artisans: Simple-Commodity -- Production and Intermediate Classes -- 3 Lineaments of Simple-Commodity Production -- 4 Sociological Approaches to the Petty Bourgeoisie and -- Small Firms in Advanced Societies -- 5 Explaining Success and Survival of Artisans: A Comparison -- of Contemporary Artisans in the Third Italy and Greece -- Conclusions -- Bibliography -- Name Index.
|
| 650 |
|
0 |
|a Artisans
|x Social conditions.
|
| 852 |
|
|
|a INST
|b LESVOS
|e 20170608
|h 338.642 ΚΟΝ
|p 005100059591
|q 005100059591
|t BK
|y 0
|
| 970 |
|
|
|a Τζαφέρη
|b Ευαγγελία
|z 08-06-2017
|